[Event "Bucharest Super Rapid op"]
[Site "Bucharest"]
[Date "2022.04.30"]
[Round "4"]
[White "Ceres, Dragos"]
[Black "Kucuk, Dogukan"]
[Result "1-0"]
[WhiteElo "2407"]
[BlackElo "1722"]
[PlyCount "25"]
[EventDate "2022.04.30"]
[EventType "swiss (rapid)"]
[EventRounds "10"]
[EventCountry "ROU"]
[SourceTitle "CBM 208 Extra"]
[Source "ChessBase"]
[SourceDate "2022.07.31"]
[SourceVersion "1"]
[SourceVersionDate "2022.07.31"]
[SourceQuality "1"]

1. d4 d5 2. Nf3 Nf6 3. g3 Bf5 4. c4 c6 5. Qb3 Qb6 6. c5 Qc7 7. Bf4 Qc8 8. Nc3 Nbd7 9. Rc1 h6 10. h4 g6 11. Bg2 Bg7 12. 0-0 0-0 13. Rfd1 1-0

[Event "TUR-chT2"]
[Site "Konya"]
[Date "2018.07.13"]
[Round "6.1"]
[White "Kucuk, Dogukan"]
[Black "Kocacoglu, Ayhan"]
[Result "0-1"]
[WhiteElo "1785"]
[BlackElo "1728"]
[PlyCount "140"]
[EventDate "2018.07.10"]
[EventType "team-swiss"]
[EventRounds "9"]
[EventCountry "TUR"]
[SourceTitle "EXT 2019"]
[Source "ChessBase"]
[SourceDate "2018.10.10"]
[SourceVersion "1"]
[SourceVersionDate "2018.10.10"]
[SourceQuality "1"]
[WhiteTeam "Beyazkale Dernegi"]
[BlackTeam "Ceylanpinar Belediyesi"]
[WhiteTeamCountry "TUR"]
[BlackTeamCountry "TUR"]

1. e4 g6 2. d4 Bg7 3. Nc3 d6 4. Be3 a6 5. Qd2 b5 6. Bd3 Nd7 7. a4 b4 8. Nce2 a5 9. c3 bxc3 10. bxc3 Ngf6 11. Nf3 0-0 12. 0-0 c5 13. Bh6 Bb7 14. Bxg7 Kxg7 15. Ng3 Qc7 16. Qg5 e6 17. e5 dxe5 18. dxe5 Ng8 19. Rfe1 h6 20. Qf4 Bxf3 21. gxf3 Ne7 22. Be4 Rab8 23. Rad1 Nf5 24. Bxf5 exf5 25. Kh1 Rb6 26. Rd6 Rxd6 27. exd6 Qd8 28. Re7 Re8 29. Qe3 Rxe7 30. dxe7 Qe8 31. Ne2 Nf6 32. Qxc5 Qxa4 33. Qe5 Qc6 34. Kg2 Qe6 35. f4 Qxe5 36. fxe5 Ne8 37. Nd4 f6 38. e6 f4 39. Kf3 f5 40. Kxf4 Kf6 41. Ke3 a4 42. Kd3 Kxe7 43. Kc4 Nc7 44. Kb4 Nd5+ 45. Kxa4 Nxc3+ 46. Kb4 Nd5+ 47. Kc5 Nc7 48. Nf3 Nxe6+ 49. Kd5 Kf6 50. Ne5 Nf4+ 51. Kd6 Nh3 52. Nd3 f4 53. f3 Kf5 54. Ne5 g5 55. Nd3 Ng1 56. Ne5 h5 57. Kd5 Ne2 58. Nd3 g4 59. fxg4+ hxg4 60. Ne5 Nc1 61. Nc4 f3 62. Kd4 Kf4 63. Nd2 f2 64. Nf1 Kf3 65. Kc3 Ke2 66. Nd2 Na2+ 67. Kc2 Nb4+ 68. Kc1 f1Q+ 69. Nxf1 Kxf1 70. Kd2 Kg2 0-1

[Event "TUR Cup										"]
[Site "Antalya"]
[Date "2018.02.01"]
[Round "8"]
[White "Kucuk, Dogukan"]
[Black "Alac, Mehmet"]
[Result "0-1"]
[WhiteElo "1882"]
[BlackElo "1554"]
[PlyCount "62"]
[EventDate "2018.01.27"]
[EventType "swiss"]
[EventRounds "11"]
[EventCountry "TUR"]
[SourceTitle "CBM 182 Extra"]
[Source "ChessBase"]
[SourceDate "2018.02.23"]
[SourceVersion "1"]
[SourceVersionDate "2018.02.23"]
[SourceQuality "1"]

1. e4 c5 2. Nf3 d6 3. d4 cxd4 4. Nxd4 Nf6 5. Nc3 g6 6. Be3 Bg7 7. Be2 0-0 8. 0-0 Nc6 9. Kh1 Ne5 10. f4 Neg4 11. Bg1 Kh8 12. h3 Nh6 13. g4 Nd7 14. g5 Ng8 15. h4 Nc5 16. h5 Re8 17. h6 Bf8 18. Ndb5 a6 19. Nxd6 exd6 20. Bd4+ f6 21. gxf6 Nxf6 22. Nd5 Ncxe4 23. Bd3 Kg8 24. Bxe4 Nxe4 25. Qf3 Qh4+ 26. Kg2 Bg4 27. Qb3 Be6 28. Rae1 Qg4+ 29. Kh2 Qh5+ 30. Kg2 Bxd5 31. c4 Nd2+ 0-1

[Event "TUR Cup										"]
[Site "Antalya"]
[Date "2018.01.31"]
[Round "7"]
[White "Sahin, Doga Boran"]
[Black "Kucuk, Dogukan"]
[Result "1-0"]
[WhiteElo "1984"]
[BlackElo "1882"]
[PlyCount "73"]
[EventDate "2018.01.27"]
[EventType "swiss"]
[EventRounds "11"]
[EventCountry "TUR"]
[SourceTitle "CBM 182 Extra"]
[Source "ChessBase"]
[SourceDate "2018.02.23"]
[SourceVersion "1"]
[SourceVersionDate "2018.02.23"]
[SourceQuality "1"]

1. e4 e6 2. d4 d5 3. Nc3 Bb4 4. e5 c5 5. a3 Bxc3+ 6. bxc3 Qc7 7. Qg4 f5 8. Qg3 Nc6 9. Nf3 Qf7 10. h4 Bd7 11. dxc5 0-0-0 12. Be3 Nge7 13. Ng5 Qf8 14. f4 Na5 15. Nf3 Nc4 16. Bd4 Ba4 17. Nd2 Nc6 18. Bxc4 dxc4 19. Nxc4 Nxd4 20. cxd4 Rxd4 21. Nd6+ Kc7 22. Qe3 Re4 23. Nxe4 fxe4 24. 0-0-0 Bc6 25. Rd6 Bd5 26. Rd1 Qf7 27. g3 Kb8 28. Qd4 Rc8 29. c4 Bc6 30. Rd8 Qc7 31. Qd6 Rxd8 32. Qxd8+ Qxd8 33. Rxd8+ Kc7 34. Rg8 Ba4 35. Kd2 Kc6 36. Rxg7 Kxc5 37. Rxb7 1-0

[Event "Arber op 6th"]
[Site "Bodenmais"]
[Date "2017.08.05"]
[Round "8"]
[White "Neis, Christian"]
[Black "Kucuk, Dogukan"]
[Result "0-1"]
[WhiteElo "1914"]
[BlackElo "1764"]
[PlyCount "94"]
[EventDate "2017.07.29"]
[EventType "swiss"]
[EventRounds "9"]
[EventCountry "GER"]
[SourceTitle "EXT 2018"]
[Source "ChessBase"]
[SourceDate "2017.10.13"]
[SourceVersion "1"]
[SourceVersionDate "2017.10.13"]
[SourceQuality "1"]

1. d4 d5 2. c4 dxc4 3. e4 e5 4. Nf3 exd4 5. Bxc4 Be6 6. Bxe6 fxe6 7. Qxd4 Nc6 8. Qc4 Bb4+ 9. Bd2 Qe7 10. 0-0 Bxd2 11. Nbxd2 e5 12. Nb3 0-0-0 13. Rfd1 Nf6 14. Nc5 Rxd1+ 15. Rxd1 Rd8 16. Rc1 Nd4 17. Nxd4 Rxd4 18. Qb3 b6 19. Na6 c5 20. Qb5 Qd7 21. Qf1 Nxe4 22. b4 Nd2 23. Qe2 Re4 24. Qh5 g6 25. Qh6 Kb7 26. bxc5 Kxa6 27. c6 Qd3 28. Qf8 Rc4 29. Qc8+ Kb5 30. a4+ Kb4 31. Rxc4+ Qxc4 32. h3 Qc1+ 33. Kh2 Nf1+ 34. Kg1 Ne3+ 35. Kh2 Nd5 36. Qd7 Qc5 37. g4 Qxf2+ 38. Kh1 Qc5 39. h4 Qc1+ 40. Kh2 Qd2+ 41. Kh1 Qe1+ 42. Kh2 Nf4 43. Qe7+ Kc4 44. Qf7+ Kd4 45. Qa2 Qxh4+ 46. Kg1 Qxg4+ 47. Kf1 Qf3+ 0-1

[Event "TUR Cup"]
[Site "Antalya"]
[Date "2017.02.04"]
[Round "11"]
[White "Kucuk, Dogukan"]
[Black "Emir, Emirhan"]
[Result "1/2-1/2"]
[WhiteElo "1690"]
[BlackElo "1851"]
[PlyCount "61"]
[EventDate "2017.01.28"]
[EventType "swiss"]
[EventRounds "11"]
[EventCountry "TUR"]
[SourceTitle "EXT 2018"]
[Source "ChessBase"]
[SourceDate "2017.10.13"]
[SourceVersion "1"]
[SourceVersionDate "2017.10.13"]
[SourceQuality "1"]

1. e4 c6 2. d4 d5 3. exd5 cxd5 4. c4 Nf6 5. Nc3 Nc6 6. Nf3 Bg4 7. Be2 e6 8. 0-0 Be7 9. c5 Ne4 10. Bf4 0-0 11. Qd3 Nb4 12. Qb5 Nc2 13. Rad1 g5 14. Bc1 a5 15. Qb3 Nb4 16. a3 Nc6 17. Qxb7 Qc8 18. Qxc8 Rfxc8 19. h3 Bxf3 20. Bxf3 Nxc3 21. bxc3 Rab8 22. a4 Rb3 23. Bd2 Rcb8 24. Ra1 Rb2 25. Be3 f5 26. c4 Nb4 27. cxd5 Nxd5 28. Rfe1 Kf7 29. g3 Bf6 30. Bxd5 exd5 31. Rec1 1/2-1/2

[Event "Manavgat Turkey Cup"]
[Site "Manavgat"]
[Date "2016.01.31"]
[Round "3"]
[White "Kucuk, Dogukan"]
[Black "Yerden, Huseyin Eren"]
[Result "1-0"]
[WhiteElo "1579"]
[BlackElo "1744"]
[PlyCount "71"]
[EventDate "2016.01.30"]
[EventType "swiss"]
[EventRounds "11"]
[EventCountry "TUR"]
[SourceTitle "CBM 170 Extra"]
[Source "ChessBase"]
[SourceDate "2016.02.25"]
[SourceVersion "1"]
[SourceVersionDate "2016.02.25"]
[SourceQuality "1"]

1. e4 c5 2. Nf3 d6 3. d4 cxd4 4. Nxd4 Nf6 5. Nc3 a6 6. Be2 e6 7. Be3 Be7 8. 0-0 0-0 9. a4 Qc7 10. a5 e5 11. Nb3 Be6 12. Kh1 Nbd7 13. g4 Nc5 14. Nxc5 dxc5 15. Nd5 Bxd5 16. exd5 Rad8 17. c4 e4 18. Qc2 Rfe8 19. f4 exf3 20. Bxf3 Bd6 21. Ra3 Bf4 22. Bxf4 Qxf4 23. Bg2 Qe5 24. h3 Re7 25. Rb3 Rde8 26. Rd1 Qd6 27. Qc3 Qf4 28. Rf1 Qc7 29. Qd2 Ne4 30. Qf4 Qd7 31. Qf5 Qc7 32. Bxe4 Rxe4 33. d6 Qd8 34. Qxf7+ Kh8 35. Rxb7 Rg8 36. Qd5 1-0

[Event "Manavgat Turkey Cup"]
[Site "Manavgat"]
[Date "2016.01.30"]
[Round "1"]
[White "Kucuk, Dogukan"]
[Black "Kiremitciyan, Ari"]
[Result "0-1"]
[WhiteElo "1579"]
[BlackElo "1998"]
[PlyCount "88"]
[EventDate "2016.01.30"]
[EventType "swiss"]
[EventRounds "11"]
[EventCountry "TUR"]
[SourceTitle "CBM 170 Extra"]
[Source "ChessBase"]
[SourceDate "2016.02.25"]
[SourceVersion "1"]
[SourceVersionDate "2016.02.25"]
[SourceQuality "1"]

1. e4 d6 2. d4 Nf6 3. Nc3 e5 4. dxe5 dxe5 5. Qxd8+ Kxd8 6. Bg5 c6 7. 0-0-0+ Ke8 8. Bc4 Bc5 9. f3 Nbd7 10. Nge2 b5 11. Bb3 h6 12. Bd2 Bb6 13. a3 Nc5 14. Ba2 Ke7 15. Ng3 g6 16. Kb1 Ne6 17. Nce2 Nd7 18. Bc3 f6 19. Rhf1 a5 20. f4 Nxf4 21. Nxf4 exf4 22. Rxf4 Bc7 23. Rf2 Ne5 24. Rdf1 Rf8 25. Ne2 Ng4 26. Nf4 Bxf4 27. Rxf4 g5 28. R4f3 Nxh2 29. Bxf6+ Rxf6 30. Rxf6 Nxf1 31. Rxf1 Be6 32. b3 Rf8 33. Rxf8 Kxf8 34. Kc1 Ke7 35. Kd2 Kd6 36. c4 b4 37. axb4 axb4 38. Bb1 Ke5 39. Ke3 h5 40. Bd3 h4 41. Bf1 c5 42. Be2 g4 43. Bf1 h3 44. gxh3 gxh3 0-1

[Event "Manavgat Turkey Cup"]
[Site "Manavgat"]
[Date "2015.02.02"]
[Round "4"]
[White "Kucuk, Dogukan"]
[Black "Demirelli, Ilyas Doguhan"]
[Result "0-1"]
[WhiteElo "1455"]
[BlackElo "1707"]
[PlyCount "45"]
[EventDate "2015.01.31"]
[EventType "swiss"]
[EventRounds "11"]
[EventCountry "TUR"]
[SourceTitle "CBM 164 Extra"]
[Source "ChessBase"]
[SourceDate "2015.03.02"]
[SourceVersion "1"]
[SourceVersionDate "2015.03.02"]
[SourceQuality "1"]

1. e4 d6 2. d4 Nf6 3. Nc3 g6 4. f4 Bg7 5. Nf3 0-0 6. Be2 b6 7. 0-0 c5 8. d5 Bb7 9. Nd2 Nbd7 10. Bf3 Ba6 11. Be2 Bb7 12. Bf3 Rc8 13. Nc4 Ba6 14. Be2 b5 15. Na3 c4 16. Naxb5 Bxb5 17. Nxb5 Qb6+ 18. Nd4 Nxd5 19. exd5 Bxd4+ 20. Kh1 c3 21. b3 f5 22. a4 a5 23. Bf3 0-1

[Event "TUR-chT"]
[Site "Konya"]
[Date "2012.07.19"]
[Round "10"]
[White "Sumer, Gun"]
[Black "Kucuk, Dogukan"]
[Result "1-0"]
[WhiteElo "1886"]
[BlackElo "1858"]
[PlyCount "75"]
[EventDate "2012.07.11"]
[EventType "team-tourn"]
[EventRounds "13"]
[EventCountry "TUR"]
[SourceTitle "CBM 149 Extra"]
[Source "ChessBase"]
[SourceDate "2012.08.24"]
[SourceVersion "1"]
[SourceVersionDate "2012.08.24"]
[SourceQuality "1"]
[WhiteTeam "Mersin Ezgi"]
[BlackTeam "Antalya Deniz Genclik"]
[WhiteTeamCountry "TUR"]
[BlackTeamCountry "TUR"]

1. e4 e6 2. d4 d5 3. Nc3 dxe4 4. Nxe4 Nd7 5. Bd3 Ngf6 6. Qe2 Be7 7. Nf3 c5 8. 0-0 0-0 9. dxc5 Nxc5 10. Nxc5 Bxc5 11. Bg5 Be7 12. Rfd1 Qb6 13. c3 Rd8 14. Ne5 Qc7 15. Bc2 Rxd1+ 16. Rxd1 g6 17. h4 a5 18. Rd4 Nd5 19. Ng4 f6 20. Bh6 f5 21. Ne5 Bf6 22. f4 b6 23. h5 Ba6 24. Bd3 Bxe5 25. fxe5 Bb7 26. Bg5 a4 27. a3 Ra5 28. Kh1 Ne7 29. Rd6 Kf7 30. Bb5 Bc6 31. Bxc6 Nxc6 32. Qc4 Rxe5 33. Qxc6 Qxc6 34. Rxc6 Rb5 35. Rc7+ Kg8 36. h6 f4 37. Rg7+ Kh8 38. Bf6 1-0

[Event "TUR-chT"]
[Site "Konya"]
[Date "2012.07.14"]
[Round "4"]
[White "Kucuk, Dogukan"]
[Black "Dastan, Batuhan Muhammed"]
[Result "0-1"]
[WhiteElo "1858"]
[BlackElo "2310"]
[PlyCount "82"]
[EventDate "2012.07.11"]
[EventType "team-tourn"]
[EventRounds "13"]
[EventCountry "TUR"]
[SourceTitle "CBM 149 Extra"]
[Source "ChessBase"]
[SourceDate "2012.08.24"]
[SourceVersion "1"]
[SourceVersionDate "2012.08.24"]
[SourceQuality "1"]
[WhiteTeam "Antalya Deniz Genclik"]
[BlackTeam "Ankara Gazi"]
[WhiteTeamCountry "TUR"]
[BlackTeamCountry "TUR"]

1. e4 c5 2. c3 d5 3. exd5 Qxd5 4. d4 g6 5. Nf3 Bg7 6. Be2 cxd4 7. cxd4 Nf6 8. 0-0 0-0 9. Nc3 Qd8 10. Be3 Be6 11. Ng5 Bd5 12. Nxd5 Nxd5 13. Qb3 e6 14. Nf3 Qe7 15. Rfd1 Nc6 16. Rac1 a6 17. Ne5 Na5 18. Qa4 Bxe5 19. Qxa5 Bc7 20. Qd2 Rfd8 21. Bf3 Rd7 22. Bxd5 Rxd5 23. Rc5 Rad8 24. Rxd5 Rxd5 25. Qc2 Qd7 26. g3 Bb6 27. Qb3 Ba7 28. Bh6 Bxd4 29. Rc1 Bg7 30. Be3 h5 31. Qc2 Kh7 32. b3 Bf6 33. h4 Rd3 34. Qc4 Be5 35. Bf4 Rd4 36. Bxe5 Rxc4 37. Rxc4 Qd1+ 38. Kh2 Qe2 39. Bd4 e5 40. Be3 Qxa2 41. Rc7 Qxb3 0-1